000 02213cam a22005054i 4500
003 PE-LiUPU
005 20250731184609.0
008 150616s r 000 0 d
020 _a0943872006
035 _a(Sirsi) i9780943872001
040 _aPE-LiUPU
_bspa
_cPE-LiUPU
_erda
049 _aPRUA
082 0 4 _b
_221
110 2 _aAndrews University
245 1 0 _aSedentarization and Nomadization.
264 1 _aBerrien Springs, Michigan :
_bAndrews University Press,
_c1990.
300 _a353 páginas :
_bilustraciones ;
_c29 centímetros
336 _atext
_2rdacontent
337 _aunmediated
_2rdamedia
338 _avolume
_2rdacarrier
505 0 _aIntroduction to the food system concept and the Heshbon expedition.- Sedentarization and nomadization.- The Hesban area food system during the recent past.- From archaeological information to food system configurations.- Configurations of the food system during the iron age millennium: Ca. 1200-500 B.C.- Configuration of the food system during the Greco-Roman millennium: Ca. 333 B.C. to A.D. 661.- Configuration of ..
526 _aP136
526 _aP135
526 _aP134
526 _aP133
526 _aP144
526 _aP143
526 _aP87
526 _aP35
526 _aP20
526 _aP14
526 _aP10
526 _aP06
650 0 4 _aARQUEOLOGIA - JORDANIA - TELL HESBAN.
910 _ajck
_bjvq
_cjck
942 _2ddc
_cBOOK
949 _a915.695 M53
_wDEWEY
_c1
_i42605
_lCCODEBUL1
_mBUL
_r0
_sY
_tBOOK
_u2015-4-23
_xTEOLOGIA
_zUNKNOWN
_0COMPRA
_o.STAFF. Colección General
949 _a915.695 M53
_wDEWEY
_c2
_i43088
_lCCODEBUL1
_mBUL
_r0
_sY
_tBOOK
_u2015-6-16
_xTEOLOGIA
_zUNKNOWN
_0COMPRA
_o.STAFF. Colección General
994 _aC0
_bPEPRU
596 _a1
999 _a915.695 M53
_wDEWEY
_c61062
_i42605
_f2021-11-11
_g5
_lCCODEBUL1
_mBUL
_r0
_sY
_tBOOK
_u2015-4-23
_xTEOLOGIA
_zUNKNOWN
_0COMPRA
_o.STAFF. Colección General
_d61062
999 _a915.695 M53
_wDEWEY
_c2
_i43088
_f2021-11-11
_g5
_lCCODEBUL1
_mBUL
_r0
_sY
_tBOOK
_u2015-6-16
_xTEOLOGIA
_zUNKNOWN
_0COMPRA
_o.STAFF. Colección General
980 _81
_gALBERTO SANCHEZ Responsable de Automatización